| 000 | 00952nam a2200289 a 4500 | ||
|---|---|---|---|
| 999 |
_c331219 _d331219 |
||
| 001 | 3484122 | ||
| 003 | NUST | ||
| 005 | 20170922104156.0 | ||
| 008 | 930615s1993 pk ab b 001 0 eng | ||
| 010 | _a 93930116 | ||
| 020 |
_a9690101404 : _cRs300.00 |
||
| 025 | _aP-E-024287 13/4-64 | ||
| 040 |
_aDLC _cDLC |
||
| 043 | _aa-pk--- | ||
| 050 | 0 | 0 |
_aDS392.S53 _bR34 1993 |
| 082 | 0 | 0 |
_a954.918 _bRAH |
| 100 | 1 |
_aRahman, Mushtaqur. _94811 |
|
| 245 | 1 | 0 |
_aLand and life in Sindh, Pakistan / _cMustaqur Rahman. |
| 260 |
_aLahore : _bFerozsons, _c1993. |
||
| 300 |
_axiv, 262 p. : _bill., maps ; _c23 cm. |
||
| 504 | _aIncludes bibliographical references (p. 239-245) and index. | ||
| 651 | 0 |
_aSindh (Pakistan) _94812 |
|
| 906 |
_a7 _bcbc _corignew _d3 _encip _f19 _gy-gencatlg |
||
| 942 |
_2ddc _cBK |
||